| 000 | 02003nam a2200517 4500 | ||
|---|---|---|---|
| 999 |
_c23263 _d23263 |
||
| 001 | vtls012135983 | ||
| 005 | 20220615113620.0 | ||
| 008 | 220520s2021 xo oc bhi 001 0dslo d | ||
| 020 |
_a9788097403607 _q(viazané) |
||
| 040 |
_aSNMK _bslo _cSNMK _erda |
||
| 041 | 0 | _aslo | |
| 044 |
_axo _cSK |
||
| 072 | 7 |
_a821.162.4.09 _xSlovenská literatúra (o nej) _2konspekt |
|
| 072 | 7 |
_a929 _xBiografie _2konspekt |
|
| 080 |
_a821.162.4-1 _22011 |
||
| 080 |
_a82‑1 _22011 |
||
| 080 |
_a82.02/.09 _22011 |
||
| 080 |
_a82.09 _22011 |
||
| 080 |
_a82-92 _22011 |
||
| 080 |
_a012 _22011 |
||
| 080 |
_a929(092) _22011 |
||
| 245 | 0 | 0 |
_aJozef Leikert _bpersonálna bibliografia (1974-2021) _czodpovedný redaktor: PhDr. Vladimír Grigar ; zostavila: Mgr. Miroslava Hajtmánková |
| 264 | 1 |
_aBratislava _bVeda, vydavateľstvo SAV _c2021 |
|
| 300 |
_a453 strán, 16 strán obrazových príloh _bfotografie, portréty _c25 cm |
||
| 336 |
_atext _btxt _2rdacontent |
||
| 337 |
_abez média _bn _2rdamedia |
||
| 338 |
_azväzok _bnc _2rdacarrier |
||
| 600 | 1 | 7 |
_aLeikert, Jozef, _d1955- _2SNKMA _93147 |
| 650 | 0 | 7 |
_aslovenská poézia _2SNKPH _91837 |
| 650 | 0 | 7 |
_aslovenskí básnici _2SNKPH _93148 |
| 650 | 0 | 7 |
_ainterpretácia a prijatie literárneho diela _2SNKPH _93149 |
| 650 | 0 | 7 |
_aliterárnovedné rozbory _2SNKPH _93150 |
| 650 | 0 | 7 |
_apublicistika (literatúra) _2SNKPH _93151 |
| 650 | 0 | 7 |
_aSlovak poetry _2SNKPHeng _93152 |
| 650 | 0 | 7 |
_aSlovak poets _2SNKPHeng _93153 |
| 650 | 0 | 7 |
_aInterpretation and reception of literature _2SNKPHeng _93154 |
| 650 | 0 | 7 |
_aLiterary criticism and history _2SNKPHeng _93155 |
| 650 | 0 | 7 |
_aPublicistics (literature) _2SNKPHeng _93156 |
| 655 | 7 |
_apersonálne bibliografie _2SNKPH _93157 |
|
| 655 | 7 |
_abiografie _2SNKPH _91756 |
|
| 655 | 7 |
_aPersonal bibliography _2SNKPHeng _93158 |
|
| 655 | 7 |
_aiography _2SNKPHeng _93159 |
|
| 700 | 1 |
_aGrigar, Vladimír, _d1955- _4red _93160 |
|
| 700 | 1 |
_aHajtmánková, Miroslava _4com _93161 |
|